<?xml version="1.0" encoding="UTF-8"?>
<record
    xmlns:xsi="http://www.w3.org/2001/XMLSchema-instance"
    xsi:schemaLocation="http://www.loc.gov/MARC21/slim http://www.loc.gov/standards/marcxml/schema/MARC21slim.xsd"
    xmlns="http://www.loc.gov/MARC21/slim">

  <leader>00644nam a22001937a 4500</leader>
  <datafield tag="999" ind1=" " ind2=" ">
    <subfield code="c">177922</subfield>
    <subfield code="d">177922</subfield>
  </datafield>
  <controlfield tag="005">20210310151738.0</controlfield>
  <datafield tag="010" ind1=" " ind2=" ">
    <subfield code="a">UR-11063</subfield>
  </datafield>
  <datafield tag="020" ind1=" " ind2=" ">
    <subfield code="c">186.00</subfield>
    <subfield code="a">9789390579037</subfield>
  </datafield>
  <datafield tag="035" ind1=" " ind2=" ">
    <subfield code="a">U-9618</subfield>
  </datafield>
  <datafield tag="037" ind1=" " ind2=" ">
    <subfield code="b">DBAD/PUB</subfield>
  </datafield>
  <datafield tag="082" ind1=" " ind2=" ">
    <subfield code="a">840.92</subfield>
  </datafield>
  <datafield tag="100" ind1=" " ind2=" ">
    <subfield code="a">&#x645;&#x646;&#x638;&#x648; &#x631; &#x648; &#x642;&#x627; &#x631; </subfield>
  </datafield>
  <datafield tag="245" ind1=" " ind2=" ">
    <subfield code="a">&#x648; &#x631; &#x642; &#x648; &#x631; &#x642; &#x686;&#x6C1;&#x631; &#x6D2; (&#x62E;&#x627; &#x6A9;&#x6D2; )</subfield>
    <subfield code="c">&#x645;&#x646;&#x638;&#x648; &#x631; &#x648; &#x642;&#x627; &#x631; </subfield>
  </datafield>
  <datafield tag="246" ind1=" " ind2=" ">
    <subfield code="b">Warq Warq Chehre(Khake) (Urdu)</subfield>
    <subfield code="a">by Manzoor Viqar</subfield>
  </datafield>
  <datafield tag="260" ind1=" " ind2=" ">
    <subfield code="a">N.Delhi</subfield>
    <subfield code="c">2020 &#x621;</subfield>
    <subfield code="b">Applied Books </subfield>
  </datafield>
  <datafield tag="270" ind1=" " ind2=" ">
    <subfield code="a">1739/10,Basement, Patoudi House,Darya Ganj,</subfield>
    <subfield code="b">N.Delhi</subfield>
    <subfield code="e">110002</subfield>
    <subfield code="l">9953630788</subfield>
  </datafield>
  <datafield tag="300" ind1=" " ind2=" ">
    <subfield code="a">304 &#x635; </subfield>
    <subfield code="c">22 Cm(Hb)</subfield>
  </datafield>
  <datafield tag="942" ind1=" " ind2=" ">
    <subfield code="2">ddc</subfield>
    <subfield code="c">UR</subfield>
    <subfield code="h">840.92</subfield>
    <subfield code="m">&#x645; &#x646; &#x638; </subfield>
  </datafield>
  <datafield tag="952" ind1=" " ind2=" ">
    <subfield code="0">0</subfield>
    <subfield code="1">0</subfield>
    <subfield code="4">0</subfield>
    <subfield code="7">0</subfield>
    <subfield code="8">NFIC</subfield>
    <subfield code="a">DBAD</subfield>
    <subfield code="b">DBAD</subfield>
    <subfield code="d">2021-03-10</subfield>
    <subfield code="e">DBAD/PUB</subfield>
    <subfield code="g">186.00</subfield>
    <subfield code="l">1</subfield>
    <subfield code="o">840.92 &#x645; &#x646; &#x638;</subfield>
    <subfield code="p">U-9618</subfield>
    <subfield code="r">2021-05-19 00:00:00</subfield>
    <subfield code="s">2021-05-08</subfield>
    <subfield code="t">1</subfield>
    <subfield code="v">186.00</subfield>
    <subfield code="w">2021-03-10</subfield>
    <subfield code="y">UR</subfield>
  </datafield>
</record>
